000 01323nam a22002297a 4500
999 _c3967
_d3967
005 20241127092130.0
008 241127b ||||| |||| 00| 0 eng d
020 _a9781407140391
040 _cKH8
082 _a741.5 PIL
100 _aPilkey, Dav
_eauthor
245 _aDog Man /
_cDav Pilkey
260 _a London,
_bScholastic,
_c2017
300 _a231 pages :
_bchiefly colour illustrations ;
_c21 cm.
500 _aChildren's stories Comic books, strips, etc
520 _aGeorge and Harold (the co-stars of the popular 'Captain Underpants' series) are in big trouble again! Their mean principal, Mr Krupp, has had it with their comic books. But the boys aren't giving up, and they decide to create an all-new epic novel about a subject they've never tackled before! Dr Dilbert Dinkle started his career as an ordinary, everyday evil genius/inventor/bank robber. But when he awakens one day transformed into a walking, talking puddle of pee, he vows to destroy every toilet in town. Will the devious Dr Dinkle and his conniving cat, Petey, ruin restrooms for the rest of us? Or could this be a job for the death-defying, dynamic duo of Super Diaper Baby and Diaper Dog?
521 _aJunior primary school age.
650 _aDogs
650 _aFiction 7+
650 _aGraphic Novels
942 _2ddc
_cNFIC